| 000 | 01784nam0a2200337 4500 | ||
|---|---|---|---|
| 001 | RU\NLR\bibl\1445535 | ||
| 005 | 20260407193621.0 | ||
| 010 |
_a978-5-7598-0705-6 _9500 |
||
| 021 |
_aRU _b2009-81372 _95107 |
||
| 035 | _a(nilc)RSL-KNO-004396500 | ||
| 035 | _a(NLR Aleph) 001437371 | ||
| 090 |
_a1441012 _c1441012 |
||
| 100 | _a20091012d2009 |||y0rusy50 ca | ||
| 101 | 0 | _arus | |
| 102 | _aRU | ||
| 105 | _aa zzzz||||| | ||
| 200 | 1 |
_aРазвитие российского ритейла: меры государственного регулирования и их последствия _e(закон о торговле в зеркале исследований) _fГос. ун-т - Высш. шк. экономики, Лаб. экон.-социол. исслед. |
|
| 210 |
_aМосква _cИздательский дом Государственного университета - Высшей школы экономики _d2009 |
||
| 215 |
_a59 с. _cил. _d20 |
||
| 225 | 1 |
_aАналитика ЛЭСИ _fотв. ред.: В.В. Радаев _vвып. 4 |
|
| 320 | _aБиблиогр. в подстроч. прим. | ||
| 606 | 1 |
_aРозничная торговля _xПравовые вопросы _yРоссийская Федерация _92312884 _3RU\NLR\auth\661384145 |
|
| 686 |
_aУ9(2)421.20-21,0 _2rubbk |
||
| 686 | _aХ621.147.04 | ||
| 712 | 0 | 2 |
_4570 _aГосударственный университет - Высшая школа экономики _cМосква _bЛаборатория экономико-социологических исследований _3RU\NLR\AUTH\8810127488 _9752230 |
| 801 | 0 |
_aRU _bРКП _c20091012 _grcr |
|
| 801 | 1 |
_aRU _bРГБ _c20091012 |
|
| 801 | 2 |
_aRU _bNLR _c20091201 _grcr |
|
| 942 | _cBOOK | ||
| 980 | _aNB | ||